000 00186nam a2200085 4500
001 1300996
005 20260423125232.0
245 _aMEVLANAYLA BİR GÜN
_cMUSTAFA ORAKÇI
260 _bTİMAŞ
999 _c1300996
_d1300996